Loading...
| Current Events | 4 | 15.00 | 100% | 50% | 0% |
| Fine Arts - Classical Music | 6 | 20.00 | 83% | 100% | 17% |
| Fine Arts - Other Fine Arts | 5 | 22.00 | 100% | 100% | 20% |
| History - American History | 6 | 16.67 | 100% | 50% | 17% |
| History - European History | 6 | 16.67 | 100% | 50% | 17% |
| History - Other History | 6 | 21.67 | 100% | 67% | 50% |
| History - World History | 8 | 26.25 | 100% | 100% | 63% |
| Literature - American Literature | 8 | 21.25 | 100% | 88% | 25% |
| Literature - British Literature | 7 | 18.57 | 100% | 71% | 14% |
| Literature - European Literature | 9 | 23.33 | 100% | 100% | 33% |
| Literature - World Literature | 8 | 22.50 | 100% | 88% | 38% |
| Mythology | 7 | 24.29 | 100% | 86% | 57% |
| Painting/Sculpture | 8 | 17.50 | 100% | 75% | 0% |
| Philosophy | 5 | 30.00 | 100% | 100% | 100% |
| Pop Culture | 1 | 20.00 | 100% | 100% | 0% |
| Religion | 7 | 17.14 | 71% | 86% | 14% |
| Science - Biology | 6 | 26.67 | 100% | 83% | 83% |
| Science - Chemistry | 3 | 23.33 | 100% | 100% | 33% |
| Science - Other Science | 5 | 18.00 | 100% | 60% | 20% |
| Science - Physics | 4 | 25.00 | 100% | 50% | 100% |
| Social Science | 5 | 22.00 | 100% | 80% | 40% |